| 000 | 01201nam a2200361 a 4500 | ||
|---|---|---|---|
| 001 | |||
| 003 | DO-SdBNP | ||
| 005 | 20240809104404.0 | ||
| 008 | 100824s2014 ch 000 0 spa d | ||
| 020 | _a9789568209797 | ||
| 040 |
_aDO-SdBNP _bspa _cBPMSU |
||
| 082 | 4 |
_aCh861.4 _bM678b 2014 _222 |
|
| 100 | 1 |
_aMistral, Gabriela, _d1889-1957 _eautora. |
|
| 245 | 1 | 0 |
_aBlanca nieve en la casa de los enanos / _c Gabriela Mistral ; ilustraciones de Carles Ballesteros _b |
| 260 |
_aSantiago, Chile : _bEditorial Amanuta, _c2014 |
||
| 300 |
_a31 p. : _bils. ; _c27 cm. |
||
| 490 | 0 | _aPoesía ilustrada | |
| 500 | _aIncluye datos biográficos de la autora | ||
| 500 | _a | ||
| 500 |
_a _6 |
||
| 520 | _a | ||
| 521 | _aRecomendado para niños a partir de los 5 años de edad. | ||
| 586 | _a | ||
| 586 | _a | ||
| 590 | _aInventariado, 2024/VM | ||
| 600 | 1 | 4 |
_aGrimm, Wilhelm Karl, _d1786-1859 _vAdaptaciones _t |
| 650 | 4 |
_aLiteratura infantil chilena _y _x |
|
| 650 | 4 |
_aCuentos infantiles populares _vAdaptaciones |
|
| 650 | 4 |
_aPoesías infantiles chilenas _y _v |
|
| 700 | 1 |
_aBallesteros. Carles _eilustradora. _d |
|
| 910 | _aVMateo V. Control de calidad. BPMSU | ||
| 942 |
_2ddc _cBK |
||
| 999 |
_c14778 _d14778 |
||